| 000 | 01309nam a2200349 a 4500 | ||
|---|---|---|---|
| 001 | ebr10310898 | ||
| 003 | CaPaEBR | ||
| 006 | m u | ||
| 007 | cr cn||||||||| | ||
| 008 | 080929s2009 caua s 001 0 eng | ||
| 010 | _z 2008042965 | ||
| 015 |
_aGBA878621 _2bnb |
||
| 016 | 7 |
_z014647665 _2Uk |
|
| 020 | _z9781593271824 | ||
| 020 | _z1593271824 | ||
| 040 |
_aCaPaEBR _cCaPaEBR |
||
| 035 | _a(OCoLC)560644008 | ||
| 050 | 1 | 4 |
_aQA76.7 _b.P84 2009eb |
| 082 | 0 | 4 |
_a005.13/3 _222 |
| 100 | 1 | _aPugh, Steve. | |
| 245 | 1 | 0 |
_aWicked cool Ruby scripts _h[electronic resource] : _buseful scripts that solve difficult problems / _cby Steve Pugh. |
| 260 |
_aSan Francisco : _bNo Starch Press, _cc2009. |
||
| 300 |
_axxiv, 189 p. : _bill. |
||
| 500 | _aIncludes index. | ||
| 533 |
_aElectronic reproduction. _bPalo Alto, Calif. : _cebrary, _d2013. _nAvailable via World Wide Web. _nAccess may be limited to ebrary affiliated libraries. |
||
| 650 | 0 | _aRuby (Computer program language) | |
| 650 | 0 | _aMacro instructions (Electronic computers) | |
| 650 | 0 |
_aComputers _xAccess control _xPasswords. |
|
| 655 | 7 |
_aElectronic books. _2local |
|
| 710 | 2 | _aebrary, Inc. | |
| 856 | 4 | 0 |
_uhttp://site.ebrary.com/lib/rucke/Doc?id=10310898 _zAn electronic book accessible through the World Wide Web; click to view |
| 999 |
_c161910 _d161910 |
||